Fundamentals of Database management system (Record no. 136155)
[ view plain ]
| 000 -LEADER | |
|---|---|
| fixed length control field | 00563nam a22001937a 4500 |
| 003 - CONTROL NUMBER IDENTIFIER | |
| control field | OSt |
| 005 - DATE AND TIME OF LATEST TRANSACTION | |
| control field | 20240719110131.0 |
| 008 - FIXED-LENGTH DATA ELEMENTS--GENERAL INFORMATION | |
| fixed length control field | 240718b |||||||| |||| 00| 0 eng d |
| 020 ## - INTERNATIONAL STANDARD BOOK NUMBER | |
| International Standard Book Number | 978-93-325-8270-5 |
| 040 ## - CATALOGING SOURCE | |
| Transcribing agency | sbcl |
| 082 ## - DEWEY DECIMAL CLASSIFICATION NUMBER | |
| Classification number | 005.74 ELM-F |
| Item number | 142331 |
| 100 ## - MAIN ENTRY--PERSONAL NAME | |
| Personal name | ELmasri,Ramez |
| 245 ## - TITLE STATEMENT | |
| Title | Fundamentals of Database management system |
| 250 ## - EDITION STATEMENT | |
| Edition statement | 7th |
| 260 ## - PUBLICATION, DISTRIBUTION, ETC. | |
| Place of publication, distribution, etc. | Uttar pradesh |
| Name of publisher, distributor, etc. | Pearson Indian Education |
| Date of publication, distribution, etc. | 2023 |
| 300 ## - PHYSICAL DESCRIPTION | |
| Extent | 1242p. |
| 942 ## - ADDED ENTRY ELEMENTS (KOHA) | |
| Koha item type | BOOK |
| 650 ## - SUBJECT ADDED ENTRY--TOPICAL TERM | |
| Source of heading or term | Computer science, information & general work |
| Form subdivision | Computer programming, programs & data |
| Withdrawn status | Lost status | Source of classification or shelving scheme | Damaged status | Not for loan | Home library | Current library | Date acquired | Total Checkouts | Full call number | Barcode | Date last seen | Cost, replacement price | Price effective from | Koha item type |
|---|---|---|---|---|---|---|---|---|---|---|---|---|---|---|
| Dewey Decimal Classification | SB LIBRARY | SB LIBRARY | 19/07/2024 | 005.74 ELM-F | 142331 | 19/07/2024 | 1025.00 | 19/07/2024 | BOOK |